| 000 | 00430nam a2200133Ia 4500 | ||
|---|---|---|---|
| 008 | 231129s1999||||xx |||||||||||||| ||spa|| | ||
| 020 | _a958-601-852-0 | ||
| 082 | _aER- 463 | ||
| 100 | _aBedoya Olga Lucía ...[et al.] | ||
| 245 | 0 | _aImaginario femenino y ciudad. Pereira y su evocación de mujer | |
| 260 | _c1999 | ||
| 264 | _aSanta Fe de Bogotá: Tercer Mundo 1999 | ||
| 942 |
_2ddc _cBKS |
||
| 999 |
_c15602 _d15602 |
||